Đánh giá thực trạng quản lý và vấn đề xuất các giải pháp trong công tác quản lý, xử lý chất thải rắn tại bãi rác Khánh Sơn - TP. Đà Nẵng
Tìm hiểu hiện trạng quản lý và xử lý chất thải rắn tại bãi chôn lấp Khánh Sơn. Tìm hiểu quy trình xử lý nước rỉ rác tạo bãi chôn lấp Khánh Sơn. Đề xuất một số giải pháp nhằm nâng cao hiệu quả hoạt động của bãi rác Khánh Sơn...
Saved in:
| Main Author: | |
|---|---|
| Other Authors: | |
| Format: | Book |
| Language: | Vietnamese |
| Published: |
Đà Nẵng
Đại học Sư phạm, Đại học Đà Nẵng
2013
|
| Subjects: | |
| Tags: |
Add Tag
No Tags, Be the first to tag this record!
|
| Institutions: | Mạng thư viện Đại học Đà Nẵng |
|---|
| LEADER | 01908nam a2200361 4500 | ||
|---|---|---|---|
| 001 | 000018739 | ||
| 003 | 15174 | ||
| 005 | 20140103100122.0 | ||
| 008 | 131225s2013 viesd | ||
| 041 | |a vie | ||
| 082 | 1 | 4 | |a 628.44562 |b VĂ-D |
| 100 | 1 | |a Văn Thị Duyên | |
| 245 | 1 | 0 | |a Đánh giá thực trạng quản lý và vấn đề xuất các giải pháp trong công tác quản lý, xử lý chất thải rắn tại bãi rác Khánh Sơn - TP. Đà Nẵng |c Văn Thị Duyên ; Nguyễn Đình Anh hướng dẫn |k Khóa luận tốt nghiệp |
| 260 | |a Đà Nẵng |b Đại học Sư phạm, Đại học Đà Nẵng |c 2013 | ||
| 300 | |a 40 tr., phụ lục 9 tr. |b Hình mh. |c 29 cm. |e Bản tóm tắt | ||
| 500 | |a Khóa luận tốt nghiệp đại học. Chuyên ngành: Cử nhân Khoa học quản lý môi trường | ||
| 520 | |a Tìm hiểu hiện trạng quản lý và xử lý chất thải rắn tại bãi chôn lấp Khánh Sơn. Tìm hiểu quy trình xử lý nước rỉ rác tạo bãi chôn lấp Khánh Sơn. Đề xuất một số giải pháp nhằm nâng cao hiệu quả hoạt động của bãi rác Khánh Sơn | ||
| 650 | 0 | 4 | |a Chất thải rắn |v Khóa luận tốt nghiệp |x Quản lý |z Đà Nẵng |
| 653 | |a Khoa Hóa | ||
| 653 | |a Chất thải rắn | ||
| 653 | |a Môi trường | ||
| 653 | |a Bãi rác Khánh Sơn | ||
| 700 | 1 | |a Nguyễn Đình Anh |c TS. |e Hướng dẫn | |
| OWN | |a LSP | ||
| AVA | |a UDN50 |b LSP |d 628.44562 VĂ-D |e available |t Error 5001 Not defined in file expand_doc_bib_avail. |f 1 |g 0 |h N |i 0 |k 1 | ||
| 999 | |a From the UDN01 | ||
| AVA | |a UDN50 |b LSP |d 628.44562 VĂ-D |e available |t Error 5001 Not defined in file expand_doc_bib_avail. |f 1 |g 0 |h N |i 0 |k 1 | ||
| TYP | |a Monograph | ||
| TYP | |a Printed language | ||
| 980 | |a Mạng thư viện Đại học Đà Nẵng | ||